In quale anno? - Quiz n°4 - Statistics

Statistiche generali
  • Questo quiz è stato fatto 8 volte
  • Il punteggio medio è 4 su 8
Statistiche sulle risposte
Domanda Risposta % Corretto
La Higuera (Bolivia): Che Guevara, ferito e catturato in un'imboscata delle forze governative, viene fucilato. 1967
100%
Elezioni presidenziali negli Stati Uniti d'America: vince Donald Trump. 2016
100%
Colpo di Stato del 18 brumaio: Napoleone Bonaparte va al potere. 1799
50%
Le leggi Siccardi eliminano i privilegi del clero nel Regno di Sardegna 1850
50%
Italia: Sandro Pertini viene arrestato per la prima volta per attività contro il regime fascista 1925
50%
Las Vegas: Mike Tyson sconfigge Tony Tucker unificando la corona mondiale dei pesi massimi. 1987
50%
Gli Aragonesi si impadroniscono del Regno di Sardegna. 1323
0%
Johannes Gutenberg sviluppa la stampa a caratteri mobili a Magonza. 1439
0%
Nessun quiz corrispondente trovato
Distribuzione punteggi
Percentuale di utenti per punteggio
Percentile per numero di risposta
I tuoi punteggi nel tempo
Non hai fatto questo quiz